ბათუმის შოთა რუსთაველის სახელმწიფო უნივერსიტეტის ბიბლიოთეკა

The World Since 1945 (ბიბ.ჩანაწერი № 49480)

000 -LEADER
fixed length control field 00929nam a2200253Ia 4500
001 - CONTROL NUMBER
control field 16404
003 - CONTROL NUMBER IDENTIFIER
control field GE_BSU
008 - FIXED-LENGTH DATA ELEMENTS--GENERAL INFORMATION
fixed length control field 181216s||||||||xx |||||||||||||| ||und||
020 ## - INTERNATIONAL STANDARD BOOK NUMBER
International Standard Book Number 9781626370746
040 ## - CATALOGING SOURCE
Transcribing agency GE_BSU
100 ## - MAIN ENTRY--PERSONAL NAME
Personal name Wayne C., McWilliams; Harry Piotrowski
245 #4 - TITLE STATEMENT
Title The World Since 1945
245 #2 - TITLE STATEMENT
Remainder of title A History of International Relations
250 ## - EDITION STATEMENT
Edition statement 8th ed.
260 ## - PUBLICATION, DISTRIBUTION, ETC.
Place of publication, distribution, etc. London
260 ## - PUBLICATION, DISTRIBUTION, ETC.
Name of publisher, distributor, etc. Lynne Rienner Publishers
260 ## - PUBLICATION, DISTRIBUTION, ETC.
Date of publication, distribution, etc. 2014.
300 ## - PHYSICAL DESCRIPTION
Extent xi, 620 pages ; 23cm
653 ## - INDEX TERM--UNCONTROLLED
Uncontrolled term The eighth edition of this inroduction to international relations takes the reader from the end of World War II to 2014. New material takes up globalization, events in the Middle East and political and economic changes in East Asia. The book is divided into four parts. Part I, “Origins of the Cold W
653 ## - INDEX TERM--UNCONTROLLED
Uncontrolled term The World Since 1945
653 ## - INDEX TERM--UNCONTROLLED
Uncontrolled term პოლიტიკა
942 ## - ADDED ENTRY ELEMENTS (KOHA)
Koha item type წიგნი
ეგზემპლარები
Withdrawn status Lost status Damaged status Not for loan Date acquired Barcode Date last seen Price effective from Koha item type
        2018-12-17 41143 2018-12-17 2018-12-17 წიგნი